| 000 | 00775nam a2200181 a 4500 | ||
|---|---|---|---|
| 008 | 120927s1964 ||||||||||||||||| || u | ||
| 050 | _aDT 38.9.R8 Sov | ||
| 100 | _aWidstrand, Carl Gosta | ||
| 245 | 1 | 4 |
_aThe soviet bloc, China and Africa _cedited by Sven Hamrell and Carl Gosta Windstrand |
| 260 |
_aLondon: _bPall Mall Press _c1964 |
||
| 300 | _a173p.: ill. | ||
| 500 | _aIncludes Bibliography | ||
| 650 | _aAFRICA--FOREIGN RELATIONS--SOVIET UNION--CONGRESSES | ||
| 650 | _aSOVIET UNION--FOREIGN RELATIONS--AFRICA--CONGRESSES | ||
| 650 | _aCHINA--FOREIGN RELATIONS--AFRICA--CONGRESSES | ||
| 700 | _aHamrell, Sven | ||
| 995 |
_aSPECIAL COLLECTIONS _e500185 _FCBU-DAG HAMMARSKJOLD INSTITUTE LIBRARY _jDAG DT 38.9.R8 Sov _M1 _UAVAILABLE _WJan 2, 2013 _y500185 _ZDHIPS Book Collection |
||
| 999 |
_c477 _d477 |
||